Movies Quiz

Random Movies or Blitz Quiz

Star Wars Blitz, Letter R Quiz Stats

 Plays Quiz not verified by Sporcle

Challenge
Share
Tweet
Embed
Score 0/15 Timer 02:00
0 Plays Today
Hint Answer % Correct
Han and Leia's offspring KyloRen
93.5%
C-3PO's BFFR2-D2
90.2%
Basement monster in Jabba's Palace Rancor
89.5%
She saved BB-8Rey
89.5%
What the Sith got in Episode IIIRevenge
89.5%
R, in ROTJReturn
85%
The Galaxy, before it was an EmpireRepublic
83.7%
Luke's call sign, at the Battle of YavinRed 5
81.7%
Hint Answer % Correct
Jabba's blue keyboard man MaxRebo
62.7%
Tarkin was right. It was a day long _______Remembered
46.4%
Hazardous creatures Solo was shippingRathtars
34.6%
Luke's call sign, at the Battle of HothRogue leader
26.8%
Rebel General at Battle of HothRieekan
20.9%
Death Star exhaust port had this, requiring proton torpedoesRay shielding
12.4%
What Yoda served Luke in the hut on DagobahRootleaf stew
4.6%

You're not logged in!

Compare scores with friends on all Sporcle quizzes.
Join for Free
OR
Log In

You Might Also Like...

Show Comments

Extras

Created Jul 16, 2017ReportNominate
Tags:Blitz Quiz, Star Wars Quiz

Top Quizzes Today


Score Distribution

Your Account Isn't Verified!

In order to create a playlist on Sporcle, you need to verify the email address you used during registration. Go to your Sporcle Settings to finish the process.

Report this User

Report this user for behavior that violates our Community Guidelines.

Details: